[Event "FRA T I 120102011"]
[Site "FRA"]
[Date "2010.11.13"]
[Round "2.1"]
[White "Dimitrov, Christo"]
[Black "Dujardin, Franck"]
[Result "0-1"]
[WhiteElo "2321"]
[BlackElo "2081"]
[PlyCount "70"]
[EventDate "2010.10.17"]
[EventType "team-match"]
[EventRounds "9"]
[EventCountry "FRA"]
[Source "FFE"]
[SourceDate "2010.10.29"]
[WhiteTeamCountry "FRA"]
[BlackTeamCountry "FRA"]

1. e4 e5 2. Bc4 Nf6 3. d3 c6 4. Nf3 Be7 5. O-O d6 6. c3 O-O 7. Bb3 Na6 8. Nbd2
Nc5 9. Bc2 Bg4 10. h3 Bh5 11. Re1 Ne6 12. Nf1 Nd7 13. Ng3 Bg6 14. d4 exd4 15.
Nxd4 Nxd4 16. cxd4 Bg5 17. f4 Bh4 18. Re3 Bxg3 19. Rxg3 f5 20. e5 dxe5 21. Bb3+
Kh8 22. fxe5 Qh4 23. Kh2 Bh5 24. Qf1 f4 25. Rd3 Rae8 26. Bd2 Nb6 27. Qe1 Qg5
28. Qf2 Qf5 29. Rc3 Qd7 30. Bxf4 g5 31. e6 Qg7 32. Rg3 Rxf4 33. Qxf4 gxf4 34.
Rxg7 Kxg7 35. Rf1 Nd5 0-1

[Event "FRA T I 120102011"]
[Site "FRA"]
[Date "2010.11.13"]
[Round "2.4"]
[White "Ducatez, Raphael"]
[Black "Dijon, Frederic"]
[Result "0-1"]
[WhiteElo "1944"]
[BlackElo "2081"]
[PlyCount "70"]
[EventDate "2010.10.17"]
[EventType "team-match"]
[EventRounds "9"]
[EventCountry "FRA"]
[Source "FFE"]
[SourceDate "2010.10.29"]
[WhiteTeamCountry "FRA"]
[BlackTeamCountry "FRA"]

1. e4 Nc6 2. Nc3 Nf6 3. f4 d5 4. e5 d4 5. exf6 dxc3 6. Nf3 cxd2+ 7. Bxd2 exf6
8. Qe2+ Qe7 9. O-O-O Qxe2 10. Bxe2 Bc5 11. Bd3 O-O 12. a3 Nd4 13. Nxd4 Bxd4 14.
Rde1 Bc5 15. b4 Bd6 16. c4 Rd8 17. Be4 c6 18. c5 Bf8 19. f5 Bd7 20. Bf4 b6 21.
cxb6 axb6 22. Kb2 Rac8 23. Rc1 c5 24. bxc5 Rxc5 25. Rxc5 bxc5 26. Rd1 Re8 27.
Bc2 Bc6 28. Rd2 g5 29. Bg3 h5 30. h4 c4 31. Bf2 Ra8 32. a4 Rb8+ 33. Kc1 Ba3+
34. Kd1 Bxg2 35. Bg3 Bc1 0-1

[Event "FRA T I 120102011"]
[Site "FRA"]
[Date "2010.10.17"]
[Round "1.2"]
[White "Moncamp, Gilles"]
[Black "Bardel, Stephan"]
[Result "1/2-1/2"]
[WhiteElo "2213"]
[BlackElo "2228"]
[PlyCount "70"]
[EventDate "2010.10.17"]
[EventType "team-match"]
[EventRounds "9"]
[EventCountry "FRA"]
[Source "FFE"]
[SourceDate "2010.10.29"]
[WhiteTeamCountry "FRA"]
[BlackTeamCountry "FRA"]

1. e4 c5 2. c3 e6 3. d4 d5 4. exd5 exd5 5. Nf3 Nc6 6. Be3 c4 7. b3 cxb3 8. axb3
Bd6 9. Bd3 Nge7 10. O-O O-O 11. Na3 Bf5 12. Nb5 Bb8 13. Re1 a6 14. Qb1 Qd7 15.
c4 Bxd3 16. Qxd3 axb5 17. Rxa8 bxc4 18. bxc4 Bxh2+ 19. Kxh2 Rxa8 20. c5 h6 21.
Rb1 Qc7+ 22. g3 Qd7 23. Kg2 Ra7 24. Bf4 Qf5 25. Qd1 g5 26. Be3 Qe4 27. Kg1 Nf5
28. Bxg5 Ncxd4 29. Nxd4 Nxd4 30. Be3 Nf3+ 31. Kf1 Ra2 32. Rxb7 Nh2+ 33. Kg1
Nf3+ 34. Kf1 Nh2+ 35. Kg1 Nf3+ 1/2-1/2

[Event "FRA T I 120102011"]
[Site "FRA"]
[Date "2010.11.14"]
[Round "3.3"]
[White "Stoppa, Omar"]
[Black "Hamm, Fabien"]
[Result "1-0"]
[WhiteElo "2258"]
[BlackElo "2006"]
[PlyCount "69"]
[EventDate "2010.10.17"]
[EventType "team-match"]
[EventRounds "9"]
[EventCountry "FRA"]
[Source "FFE"]
[SourceDate "2010.10.29"]
[WhiteTeamCountry "FRA"]
[BlackTeamCountry "FRA"]

1. e4 c5 2. Nf3 e6 3. d4 cxd4 4. Nxd4 a6 5. g3 Qc7 6. Bg2 Nf6 7. O-O Be7 8. Nc3
Nc6 9. Re1 d6 10. Nxc6 bxc6 11. e5 dxe5 12. Rxe5 Bd6 13. Rg5 h6 14. Rxg7 Kf8
15. Rg4 Nxg4 16. Qxg4 h5 17. Qf3 h4 18. Ne4 Be5 19. Be3 f5 20. Nc5 Rb8 21. Nd3
Bf6 22. g4 h3 23. Bxh3 Qh7 24. Bc5+ Be7 25. Bxe7+ Kxe7 26. Qg3 Bd7 27. Bg2 fxg4
28. Re1 Rb5 29. Ne5 Rg8 30. Qa3+ Kf6 31. Qc3 Kg5 32. Nxd7 Qxd7 33. Bxc6 Qd6 34.
Bxb5 axb5 35. Qe5+ 1-0

[Event "FRA T I 120102011"]
[Site "FRA"]
[Date "2010.11.14"]
[Round "3.8"]
[White "Desfonds, Sylvie"]
[Black "Roger, Juliette"]
[Result "0-1"]
[WhiteElo "1769"]
[BlackElo "1617"]
[PlyCount "68"]
[EventDate "2010.10.17"]
[EventType "team-match"]
[EventRounds "9"]
[EventCountry "FRA"]
[Source "FFE"]
[SourceDate "2010.10.29"]
[WhiteTeamCountry "FRA"]
[BlackTeamCountry "FRA"]

1. d4 c5 2. d5 e5 3. e4 d6 4. Be2 Be7 5. Nf3 Bg4 6. O-O Nd7 7. c4 a6 8. Nc3
Bxf3 9. Bxf3 Bg5 10. a4 Bxc1 11. Qxc1 Ngf6 12. Be2 O-O 13. f4 h6 14. Rf3 Nh7
15. Rg3 Kh8 16. fxe5 Nxe5 17. Nd1 f5 18. exf5 Rxf5 19. Qc2 Rg5 20. Raa3 Qf6 21.
Nf2 Rf8 22. Nd1 Qf4 23. Qc3 Rxg3 24. hxg3 Qf5 25. Bd3 Nxd3 26. Qxd3 Qe5 27. Rb3
Qe1+ 28. Kh2 Rf1 29. Nf2 Qxf2 30. Qe3 Qf5 31. Qe8+ Nf8 32. Rxb7 Qb1 33. Kh3
Rh1+ 34. Kg4 Qd1+ 0-1

[Event "FRA T I 120102011"]
[Site "FRA"]
[Date "2010.10.17"]
[Round "1.1"]
[White "Kosten, Anthony C"]
[Black "Dujardin, Franck"]
[Result "1-0"]
[WhiteElo "2513"]
[BlackElo "2082"]
[PlyCount "68"]
[EventDate "2010.10.17"]
[EventType "team-match"]
[EventRounds "9"]
[EventCountry "FRA"]
[Source "FFE"]
[SourceDate "2010.10.29"]
[WhiteTeamCountry "FRA"]
[BlackTeamCountry "FRA"]

1. c4 c5 2. Nf3 Nf6 3. g3 g6 4. Bg2 Bg7 5. d4 cxd4 6. Nxd4 O-O 7. Nc3 d6 8. O-O
Qc7 9. Bg5 Nbd7 10. Rc1 h6 11. Bf4 a6 12. Nb3 Nc5 13. Nxc5 Qxc5 14. Qd2 Qh5 15.
Nd5 Nxd5 16. cxd5 g5 17. Be3 b5 18. Rc7 Re8 19. f4 Bf6 20. Bd4 Bxd4+ 21. Qxd4
Bg4 22. e3 Rac8 23. Qa7 Bh3 24. Bxh3 Qxh3 25. fxg5 Rxc7 26. Qxc7 hxg5 27. e4
Kf8 28. Rf5 Qg4 29. Qc2 f6 30. Kg2 Kf7 31. h3 Qh5 32. g4 Qh8 33. Qd2 Kg6 34.
Rf2 Rc8 {suite illisible} 1-0

[Event "FRA T I 120102011"]
[Site "FRA"]
[Date "2010.10.17"]
[Round "1.8"]
[White "Penalver, Marion"]
[Black "David, Pierre Yves"]
[Result "0-1"]
[WhiteElo "1842"]
[BlackElo "1877"]
[PlyCount "68"]
[EventDate "2010.10.17"]
[EventType "team-match"]
[EventRounds "9"]
[EventCountry "FRA"]
[Source "FFE"]
[SourceDate "2010.10.29"]
[WhiteTeamCountry "FRA"]
[BlackTeamCountry "FRA"]

1. e4 c5 2. Nf3 Nc6 3. d4 cxd4 4. Nxd4 e5 5. Nb5 d6 6. N1c3 a6 7. Na3 Be6 8.
Nc4 Nf6 9. Bg5 Be7 10. Bxf6 gxf6 11. Nd5 b5 12. Nxe7 Kxe7 13. Ne3 Qa5+ 14. Qd2
Rhd8 15. Qxa5 Nxa5 16. a4 Nc4 17. Bxc4 bxc4 18. Kd2 d5 19. exd5 Bxd5 20. Kc3
Be6 21. a5 Rab8 22. Ra4 Rd4 23. Rd1 Rf4 24. Rd2 Rb5 25. Ra1 Re4 26. g3 f5 27.
Ng2 Bd5 28. Ne3 Be6 29. Ra4 h5 30. Nxc4 Rxc4+ 31. Rxc4 Bxc4 32. Kxc4 Rxa5 33.
Re2 Rb5 34. f4 f6 {suite illisible} 0-1

[Event "FRA T I 120102011"]
[Site "FRA"]
[Date "2010.11.14"]
[Round "3.4"]
[White "Cau, Benjamin"]
[Black "Dijon, Frederic"]
[Result "1-0"]
[WhiteElo "2168"]
[BlackElo "2081"]
[PlyCount "65"]
[EventDate "2010.10.17"]
[EventType "team-match"]
[EventRounds "9"]
[EventCountry "FRA"]
[Source "FFE"]
[SourceDate "2010.10.29"]
[WhiteTeamCountry "FRA"]
[BlackTeamCountry "FRA"]

1. e4 Nc6 2. d4 d5 3. exd5 Qxd5 4. Nf3 Bg4 5. Be2 e6 6. O-O O-O-O 7. c4 Qh5 8.
h3 f5 9. hxg4 fxg4 10. Nh2 Nxd4 11. Bxg4 Qg6 12. Be3 Nc6 13. Qe2 Bd6 14. Nc3
Kb8 15. Rad1 Nh6 16. Bf3 Rdf8 17. Nb5 Bxh2+ 18. Kxh2 a6 19. Nc3 Ne5 20. Ba7+
Kxa7 21. Qxe5 Rxf3 22. gxf3 Nf5 23. Qe4 Rf8 24. Rg1 Qh5+ 25. Kg2 Nh4+ 26. Kf1
Nxf3 27. Rxg7 Rf5 28. Rg3 Ng5 29. Qe3+ b6 30. Kg2 h6 31. Rh1 Qe8 32. Rxh6 Qe7
33. Rh5 1-0

[Event "FRA T I 120102011"]
[Site "FRA"]
[Date "2010.11.14"]
[Round "3.1"]
[White "Di Paolo, Raffaele"]
[Black "Guerin, Michel"]
[Result "1-0"]
[WhiteElo "2336"]
[BlackElo "2109"]
[PlyCount "65"]
[EventDate "2010.10.17"]
[EventType "team-match"]
[EventRounds "9"]
[EventCountry "FRA"]
[Source "FFE"]
[SourceDate "2010.10.29"]
[WhiteTeamCountry "FRA"]
[BlackTeamCountry "FRA"]

1. e4 e6 2. Qe2 c5 3. Nf3 Nc6 4. g3 b6 5. Bg2 Bb7 6. O-O d5 7. exd5 Qxd5 8. c3
O-O-O 9. Na3 Nf6 10. Nc4 Bd6 11. Nh4 Qh5 12. Bf3 Qh6 13. d4 g5 14. Nxd6+ Rxd6
15. dxc5 bxc5 16. Qe3 Nd7 17. Qxg5 Qf8 18. Bf4 e5 19. Be3 Rg8 20. Qh5 Re6 21.
Bg2 e4 22. Rad1 Nce5 23. Bh3 Nf3+ 24. Nxf3 exf3 25. Rxd7 Kxd7 26. Bxc5 Qg7 27.
Bxa7 Qg6 28. Qb5+ Bc6 29. Rd1+ Ke7 30. Qb4+ Kf6 31. Qd4+ Re5 32. Qd6+ Re6 33.
Bd4+ 1-0

[Event "FRA T I 120102011"]
[Site "FRA"]
[Date "2010.11.13"]
[Round "2.4"]
[White "Fabre, Mathias"]
[Black "Henneteau, Jeremie"]
[Result "1-0"]
[WhiteElo "2093"]
[BlackElo "2116"]
[PlyCount "66"]
[EventDate "2010.10.17"]
[EventType "team-match"]
[EventRounds "9"]
[EventCountry "FRA"]
[Source "FFE"]
[SourceDate "2010.10.29"]
[WhiteTeamCountry "FRA"]
[BlackTeamCountry "FRA"]

1. d4 Nf6 2. c4 e6 3. Nc3 d5 4. Bg5 c6 5. Nf3 Bb4 6. Qc2 Nbd7 7. e3 Qa5 8. Nd2
O-O 9. Be2 dxc4 10. Bxf6 Nxf6 11. Nxc4 Qf5 12. Bd3 Qg5 13. O-O g6 14. Ne5 Ng4
15. Ne4 Qh4 16. Nxg4 f5 17. Ne5 fxe4 18. Bxe4 Bd6 19. f4 Qe7 20. Bxg6 hxg6 21.
Nxg6 Qh7 22. Rf3 Rf5 23. Rg3 Kf7 24. e4 Rh5 25. Ne5+ Ke7 26. h3 Bd7 27. Qb3 b6
28. Rc1 Rh6 29. Qf3 Rg8 30. Rxg8 Qxg8 31. Nxd7 Kxd7 32. e5 Qb8 33. Qxc6+ Ke7
1-0

[Event "FRA T I 120102011"]
[Site "FRA"]
[Date "2010.11.14"]
[Round "3.7"]
[White "Lorieux, Christian"]
[Black "Tobitt Jupillat, Eric"]
[Result "1-0"]
[WhiteElo "1987"]
[BlackElo "1605"]
[PlyCount "65"]
[EventDate "2010.10.17"]
[EventType "team-match"]
[EventRounds "9"]
[EventCountry "FRA"]
[Source "FFE"]
[SourceDate "2010.10.29"]
[WhiteTeamCountry "FRA"]
[BlackTeamCountry "FRA"]

1. f4 d5 2. Nf3 Nf6 3. g3 e6 4. Bg2 Bc5 5. c3 Bd7 6. e3 Bb6 7. O-O c5 8. d3 Bc6
9. Ne5 O-O 10. Nd2 Nfd7 11. Qg4 Qf6 12. Nxc6 Nxc6 13. e4 Qd8 14. e5 c4+ 15. d4
Ne7 16. Kh1 Nf5 17. Nf3 f6 18. Qh3 Qe8 19. g4 Ne7 20. f5 exf5 21. e6 fxg4 22.
Qxg4 f5 23. exd7 Qxd7 24. Ne5 Qe8 25. Qg3 Bc7 26. Bg5 Rd8 27. Rae1 Bd6 28. Bh6
Bxe5 29. Qxe5 gxh6 30. Qxe7 Qg6 31. Qe6+ Qxe6 32. Rxe6 Kg7 33. Re5 1-0

[Event "FRA T I 120102011"]
[Site "FRA"]
[Date "2010.10.17"]
[Round "1.7"]
[White "Ouadi, Wahbi"]
[Black "Copin, Valentin"]
[Result "1-0"]
[WhiteElo "1892"]
[BlackElo "1896"]
[PlyCount "65"]
[EventDate "2010.10.17"]
[EventType "team-match"]
[EventRounds "9"]
[EventCountry "FRA"]
[Source "FFE"]
[SourceDate "2010.10.29"]
[WhiteTeamCountry "FRA"]
[BlackTeamCountry "FRA"]

1. e4 c5 2. f4 e6 3. Bc4 a6 4. a4 d5 5. exd5 exd5 6. Qe2+ Be7 7. Ba2 Nf6 8. Nf3
O-O 9. O-O Nc6 10. c3 Bf5 11. d3 Re8 12. Ne5 Bd6 13. Qf2 Qc8 14. d4 cxd4 15.
cxd4 Nxd4 16. Be3 Ne4 17. Qh4 Be7 18. Qh5 Bg6 19. Nxg6 hxg6 20. Qxd5 Ne2+ 21.
Kh1 Nd6 22. Qd3 Qg4 23. Nd2 Nf5 24. Nf3 Nxe3 25. Bxf7+ Kf8 26. Qxe3 Nxf4 27.
Nh4 g5 28. Bxe8 Kxe8 29. Rae1 Nd5 30. Qb3 Rd8 31. Ng6 Rd6 32. Rf8+ Kd7 33.
Qxb7+ 1-0

[Event "FRA T I 120102011"]
[Site "FRA"]
[Date "2010.11.13"]
[Round "2.8"]
[White "Pivard, Elsa"]
[Black "Copin, Oceane"]
[Result "0-1"]
[WhiteElo "1674"]
[BlackElo "1904"]
[PlyCount "66"]
[EventDate "2010.10.17"]
[EventType "team-match"]
[EventRounds "9"]
[EventCountry "FRA"]
[Source "FFE"]
[SourceDate "2010.10.29"]
[WhiteTeamCountry "FRA"]
[BlackTeamCountry "FRA"]

1. e4 c6 2. d4 d5 3. exd5 cxd5 4. c4 Nf6 5. Nc3 Nc6 6. Nf3 Be6 7. c5 Ne4 8. Bb5
g6 9. Nxe4 dxe4 10. Ne5 Qa5+ 11. Qd2 Qxb5 12. a4 Qb4 13. Nxc6 Qxd2+ 14. Bxd2
bxc6 15. O-O Bg7 16. Bc3 O-O 17. Rfe1 Bd5 18. b4 a6 19. Rab1 Rab8 20. Re2 Rfd8
21. h3 f5 22. Rd2 Bc4 23. b5 axb5 24. a5 Bd3 25. Ra1 Bxd4 26. Bxd4 Rxd4 27. a6
Ra8 28. Rda2 Ra4 29. Rxa4 bxa4 30. Rxa4 Rxa6 31. Rxa6 Bxa6 32. Kh2 Kf7 33. Kg3
Ke6 0-1

[Event "FRA T I 120102011"]
[Site "FRA"]
[Date "2010.11.13"]
[Round "2.2"]
[White "Robin, Samy"]
[Black "Farnault, Eric"]
[Result "0-1"]
[WhiteElo "2320"]
[BlackElo "2077"]
[PlyCount "65"]
[EventDate "2010.10.17"]
[EventType "team-match"]
[EventRounds "9"]
[EventCountry "FRA"]
[Source "FFE"]
[SourceDate "2010.10.29"]
[WhiteTeamCountry "FRA"]
[BlackTeamCountry "FRA"]

1. e4 d5 2. exd5 Qxd5 3. Nc3 Qd6 4. d4 Nf6 5. Nf3 Bg4 6. h3 Bh5 7. g4 Bg6 8.
Ne5 c6 9. Bg2 Nbd7 10. Nxg6 hxg6 11. d5 cxd5 12. Nxd5 O-O-O 13. Be3 Nxd5 14.
Qxd5 Qxd5 15. Bxd5 e6 16. Bg2 Bc5 17. Bg5 f6 18. Bf4 e5 19. Be3 Bxe3 20. fxe3
Nb6 21. b3 Nd5 22. Bxd5 Rxd5 23. Rd1 Rxd1+ 24. Kxd1 g5 25. Ke2 Kd7 26. e4 b5
27. Rd1+ Ke6 28. Rd3 Rc8 29. Kd2 g6 30. c3 a6 31. Kc2 Rc6 32. Rd8 Ke7 33. Rg8
0-1

[Event "FRA T I 120102011"]
[Site "FRA"]
[Date "2010.11.13"]
[Round "2.3"]
[White "Rodmacq, Clement"]
[Black "Ollier, Pablo"]
[Result "0-1"]
[WhiteElo "1994"]
[BlackElo "2291"]
[PlyCount "66"]
[EventDate "2010.10.17"]
[EventType "team-match"]
[EventRounds "9"]
[EventCountry "FRA"]
[Source "FFE"]
[SourceDate "2010.10.29"]
[WhiteTeamCountry "FRA"]
[BlackTeamCountry "FRA"]

1. b3 e5 2. Bb2 Nc6 3. e3 Nf6 4. Bb5 Bd6 5. Na3 Na5 6. d4 exd4 7. Qxd4 Qe7 8.
Nc4 Bb4+ 9. c3 Bc5 10. Qe5 Nxc4 11. Qxe7+ Kxe7 12. Bxc4 d5 13. Bd3 a5 14. Ne2
a4 15. O-O a3 16. Bc1 Bd6 17. b4 Ng4 18. f4 Nf6 19. Rb1 Bd7 20. Nd4 b6 21. Re1
Ne4 22. Bxe4 dxe4 23. Rb3 Ra4 24. Nc2 Bb5 25. Rxa3 Rxa3 26. Nxa3 Bd3 27. Rd1
Ra8 28. Kf2 c5 29. Rxd3 exd3 30. bxc5 Bxc5 31. Nc4 Rxa2+ 32. Kf3 Rc2 33. Bd2 b5
0-1

[Event "FRA T I 120102011"]
[Site "FRA"]
[Date "2010.10.17"]
[Round "1.4"]
[White "Spiess, Gregor"]
[Black "Cau, Benjamin"]
[Result "1-0"]
[WhiteElo "2115"]
[BlackElo "2177"]
[PlyCount "65"]
[EventDate "2010.10.17"]
[EventType "team-match"]
[EventRounds "9"]
[EventCountry "FRA"]
[Source "FFE"]
[SourceDate "2010.10.29"]
[WhiteTeamCountry "FRA"]
[BlackTeamCountry "FRA"]

1. d4 d5 2. Bf4 Nf6 3. e3 c5 4. c3 Nc6 5. Bd3 cxd4 6. exd4 Bg4 7. Qb3 Qd7 8.
Nd2 e6 9. Ngf3 Bxf3 10. Nxf3 Bd6 11. Bxd6 Qxd6 12. O-O Rb8 13. Rae1 O-O 14. Ne5
b5 15. a3 a5 16. Re3 b4 17. axb4 axb4 18. Qd1 bxc3 19. bxc3 Ne7 20. f4 Rfc8 21.
Qe1 Qc7 22. Rh3 Rb3 23. Bxh7+ Nxh7 24. Qh4 Nf5 25. Qxh7+ Kf8 26. g4 Nd6 27.
Qh8+ Ke7 28. Qxg7 Ne4 29. Nxf7 Rxc3 30. Nd8+ Kd6 31. Qe5+ Ke7 32. Rh7+ Kxd8 33.
Qh8# 1-0

[Event "FRA T I 120102011"]
[Site "FRA"]
[Date "2010.11.13"]
[Round "2.4"]
[White "Blanc, Sebastien"]
[Black "Calin, Miguel"]
[Result "1-0"]
[WhiteElo "2106"]
[BlackElo "2026"]
[PlyCount "63"]
[EventDate "2010.10.17"]
[EventType "team-match"]
[EventRounds "9"]
[EventCountry "FRA"]
[Source "FFE"]
[SourceDate "2010.10.29"]
[WhiteTeamCountry "FRA"]
[BlackTeamCountry "FRA"]

1. d4 d5 2. c4 Nc6 3. cxd5 Qxd5 4. e3 e5 5. Nc3 Bb4 6. Bd2 Bxc3 7. bxc3 exd4 8.
cxd4 Nf6 9. Ne2 O-O 10. Nf4 Qd6 11. Be2 Re8 12. O-O g5 13. Nd3 Re4 14. f3 Rh4
15. g3 Rh3 16. Rf2 Rh6 17. Qc1 b6 18. a4 Nh5 19. Qa3 Qf6 20. Rc1 Bb7 21. d5 Ne5
22. Bc3 Qd6 23. Qxd6 cxd6 24. Nxe5 dxe5 25. e4 f6 26. Bb4 Rg6 27. Bb5 Rg7 28.
Rfc2 a6 29. Bc6 Rc7 30. d6 Rxc6 31. Rxc6 Bxc6 32. Rxc6 1-0

[Event "FRA T I 120102011"]
[Site "FRA"]
[Date "2010.10.17"]
[Round "1.4"]
[White "Obringer, Jean Marc"]
[Black "Rodmacq, Clement"]
[Result "0-1"]
[WhiteElo "2047"]
[BlackElo "1976"]
[PlyCount "64"]
[EventDate "2010.10.17"]
[EventType "team-match"]
[EventRounds "9"]
[EventCountry "FRA"]
[Source "FFE"]
[SourceDate "2010.10.29"]
[WhiteTeamCountry "FRA"]
[BlackTeamCountry "FRA"]

1. d4 Nf6 2. Nf3 c5 3. c4 g6 4. Nc3 Bg7 5. g3 O-O 6. Bg2 cxd4 7. Nxd4 Nc6 8.
O-O Qa5 9. Nc2 d6 10. Ne3 Qh5 11. Ncd5 Nxd5 12. Nxd5 Bg4 13. Re1 Rad8 14. a3 e5
15. Be3 f5 16. Nb4 f4 17. Bxc6 bxc6 18. Bxa7 f3 19. exf3 Bxf3 20. Qd3 e4 21.
Qf1 c5 22. Nd5 Rd7 23. Bb6 Bxb2 24. Ra2 Bd4 25. a4 Rdf7 26. a5 Bg4 27. Nf4 Rxf4
28. gxf4 Bf3 29. h3 Rxf4 30. Bd8 Rg4+ 31. hxg4 Qxg4+ 32. Kh2 Be5# 0-1

[Event "FRA T I 120102011"]
[Site "FRA"]
[Date "2010.10.17"]
[Round "1.5"]
[White "De Seroux, Camille"]
[Black "Lallement, Victor"]
[Result "0-1"]
[WhiteElo "2020"]
[BlackElo "2096"]
[PlyCount "62"]
[EventDate "2010.10.17"]
[EventType "team-match"]
[EventRounds "9"]
[EventCountry "FRA"]
[Source "FFE"]
[SourceDate "2010.10.29"]
[WhiteTeamCountry "FRA"]
[BlackTeamCountry "FRA"]

1. e4 c5 2. Nf3 d6 3. d4 cxd4 4. Nxd4 Nf6 5. f3 Nc6 6. c4 g6 7. Nc3 Bg7 8. Be3
O-O 9. Qd2 Qa5 10. Be2 Nxd4 11. Bxd4 Be6 12. b3 Rfc8 13. Rd1 a6 14. O-O b5 15.
Nb1 Qxd2 16. Nxd2 Nd7 17. Bxg7 Kxg7 18. Rc1 Nb6 19. f4 bxc4 20. bxc4 f6 21. Rc2
Rc6 22. Rb1 a5 23. Nf3 Bg4 24. Nd4 Bxe2 25. Nxc6 Bd3 26. Rxb6 Bxc2 27. Rb7 Kf8
28. Rxe7 Rc8 29. Rxh7 Rxc6 30. Rh3 a4 31. Kf2 Rxc4 0-1

[Event "FRA T I 120102011"]
[Site "FRA"]
[Date "2010.10.17"]
[Round "1.3"]
[White "Ollier, Milan"]
[Black "Martin, Bruno"]
[Result "1-0"]
[WhiteElo "2143"]
[BlackElo "2043"]
[PlyCount "61"]
[EventDate "2010.10.17"]
[EventType "team-match"]
[EventRounds "9"]
[EventCountry "FRA"]
[Source "FFE"]
[SourceDate "2010.10.29"]
[WhiteTeamCountry "FRA"]
[BlackTeamCountry "FRA"]

1. e4 e5 2. Bc4 Nf6 3. d4 Nxe4 4. dxe5 c6 5. Qe2 Nc5 6. Be3 Be7 7. Bxc5 Bxc5 8.
Bxf7+ Kxf7 9. Qc4+ Kg6 10. Qxc5 Re8 11. Qd6+ Kf7 12. Nf3 Re6 13. Qd2 h6 14. O-O
d5 15. c4 Re8 16. Rd1 Be6 17. Nc3 Na6 18. cxd5 cxd5 19. Nb5 Kg8 20. Nd6 Re7 21.
Nd4 Bg4 22. Re1 Nc5 23. N4f5 Bxf5 24. Qxd5+ Be6 25. Qxc5 b6 26. Qe3 Qd7 27. b3
Rf8 28. Rad1 Qc7 29. Rc1 Qb8 30. Qe4 Rc7 31. f4 1-0

[Event "FRA T I 120102011"]
[Site "FRA"]
[Date "2010.11.14"]
[Round "3.3"]
[White "Schmid, Pablo"]
[Black "Minery, Guillaume"]
[Result "1-0"]
[WhiteElo "2082"]
[BlackElo "1917"]
[PlyCount "61"]
[EventDate "2010.10.17"]
[EventType "team-match"]
[EventRounds "9"]
[EventCountry "FRA"]
[Source "FFE"]
[SourceDate "2010.10.29"]
[WhiteTeamCountry "FRA"]
[BlackTeamCountry "FRA"]

1. e4 c5 2. Nf3 d6 3. d4 cxd4 4. Nxd4 Nf6 5. Nc3 g6 6. Be2 Bg7 7. O-O O-O 8.
Bf3 Nbd7 9. Re1 Qb6 10. Nb3 Ne5 11. Bg5 Be6 12. Nd5 Bxd5 13. exd5 Rac8 14. Be2
a6 15. Rc1 Ne4 16. Be3 Nc5 17. f4 Ned7 18. Bg4 f5 19. Bf3 Qd8 20. Nd4 Bxd4 21.
Bxd4 Nf6 22. c4 Nce4 23. g4 h6 24. Qe2 Kh7 25. h4 e5 26. dxe6 Ng3 27. Qg2 Nfe4
28. Bxe4 Nxe4 29. Rxe4 fxe4 30. Qxe4 Qxh4 31. Qxb7+ 1-0

[Event "FRA T I 120102011"]
[Site "FRA"]
[Date "2010.10.17"]
[Round "1.7"]
[White "Lamouille, Patrick"]
[Black "Passchier, Albert"]
[Result "1/2-1/2"]
[WhiteElo "1897"]
[BlackElo "1910"]
[PlyCount "60"]
[EventDate "2010.10.17"]
[EventType "team-match"]
[EventRounds "9"]
[EventCountry "FRA"]
[Source "FFE"]
[SourceDate "2010.10.29"]
[WhiteTeamCountry "FRA"]
[BlackTeamCountry "FRA"]

1. d4 f5 2. Nf3 Nf6 3. c4 e6 4. Nc3 d5 5. Bg5 Be7 6. e3 c6 7. Bd3 O-O 8. O-O h6
9. Bh4 g5 10. Bg3 Ne4 11. Bxb8 Rxb8 12. Ne5 Qe8 13. Nxe4 fxe4 14. Be2 Bd6 15.
Bh5 Qd8 16. f4 Bxe5 17. fxe5 b5 18. c5 Rb7 19. b4 Rg7 20. Qg4 Rf5 21. a4 bxa4
22. Rxa4 Rxf1+ 23. Kxf1 Qc7 24. Qe2 Qb8 25. Kg1 Qb5 26. Qa2 g4 27. Rxa7 Bb7 28.
Qf2 Qxb4 29. g3 Qb1+ 30. Kg2 Qd1 1/2-1/2

[Event "FRA T I 120102011"]
[Site "FRA"]
[Date "2010.11.14"]
[Round "3.6"]
[White "Ouadi, Wahbi"]
[Black "Spiess, Gregor"]
[Result "0-1"]
[WhiteElo "1900"]
[BlackElo "2130"]
[PlyCount "60"]
[EventDate "2010.10.17"]
[EventType "team-match"]
[EventRounds "9"]
[EventCountry "FRA"]
[Source "FFE"]
[SourceDate "2010.10.29"]
[WhiteTeamCountry "FRA"]
[BlackTeamCountry "FRA"]

1. e4 d5 2. exd5 Nf6 3. Nc3 Nxd5 4. Nxd5 Qxd5 5. Nf3 Bg4 6. Be2 Nc6 7. O-O
O-O-O 8. a3 e5 9. d3 f5 10. Be3 f4 11. Bd2 Be7 12. b4 Bf6 13. b5 Qxb5 14. c4
Qa6 15. Bc3 e4 16. Bxf6 gxf6 17. Ne1 f3 18. gxf3 Bh3 19. fxe4 Rhg8+ 20. Ng2
Bxg2 21. Bg4+ Kb8 22. Kxg2 h5 23. h3 hxg4 24. hxg4 Ne5 25. f3 Rxd3 26. Qe1 Qxc4
27. Rc1 Qe6 28. Qg3 Rxg4 29. fxg4 Rxg3+ 30. Kxg3 Qxg4+ 0-1

[Event "FRA T I 120102011"]
[Site "FRA"]
[Date "2010.11.14"]
[Round "3.1"]
[White "Snuverink, Jochem"]
[Black "Bonnafous, Michel"]
[Result "1-0"]
[WhiteElo "2279"]
[BlackElo "2076"]
[PlyCount "59"]
[EventDate "2010.10.17"]
[EventType "team-match"]
[EventRounds "9"]
[EventCountry "FRA"]
[Source "FFE"]
[SourceDate "2010.10.29"]
[WhiteTeamCountry "FRA"]
[BlackTeamCountry "FRA"]

1. e4 g6 2. d4 Nf6 3. e5 Nh5 4. Nc3 d6 5. Qe2 Nc6 6. Be3 Ng7 7. O-O-O Nf5 8.
exd6 cxd6 9. d5 Nxe3 10. Qxe3 Ne5 11. f4 Bh6 12. Kb1 O-O 13. Be2 Nd7 14. h4 Re8
15. h5 e5 16. hxg6 Bxf4 17. gxf7+ Kxf7 18. Rxh7+ Kg8 19. Qe4 Qf6 20. Rh5 Qg7
21. g3 Nf6 22. Qb4 Bxg3 23. Ne4 Nxe4 24. Qxe4 Rf8 25. Nh3 Bxh3 26. Rxh3 Rf4 27.
Qh1 Bf2 28. Rh2 Qf6 29. Rg2+ Kf8 30. Qh7 1-0

[Event "FRA T I 120102011"]
[Site "FRA"]
[Date "2010.10.17"]
[Round "1.4"]
[White "Tonnaire, Christophe"]
[Black "Hodot, Yves"]
[Result "0-1"]
[WhiteElo "2006"]
[BlackElo "1943"]
[PlyCount "59"]
[EventDate "2010.10.17"]
[EventType "team-match"]
[EventRounds "9"]
[EventCountry "FRA"]
[Source "FFE"]
[SourceDate "2010.10.29"]
[WhiteTeamCountry "FRA"]
[BlackTeamCountry "FRA"]

1. e4 e6 2. d4 d5 3. exd5 exd5 4. Bd3 Bd6 5. Nf3 f6 6. O-O Ne7 7. Re1 Bg4 8. h3
Bh5 9. c3 Nbc6 10. Nbd2 Qd7 11. b4 O-O-O 12. Qa4 g5 13. b5 Nb8 14. Qxa7 g4 15.
hxg4 Qxg4 16. Ba3 Rdg8 17. Bf1 Bxa3 18. Qxa3 Nf5 19. Qc5 Bf7 20. Re2 b6 21. Qb4
h5 22. g3 h4 23. Nh2 Qh5 24. Bh3 hxg3 25. Bxf5+ Qxf5 26. fxg3 Rxg3+ 27. Rg2
Rxg2+ 28. Kxg2 Qh3+ 29. Kf2 Qxh2+ 30. Ke3 0-1